000 00406nam a2200193Ia 4500
001 14322
003 GE_BSU
008 181216s||||||||xx |||||||||||||| ||und||
020 _a9780552141451
040 _cGE_BSU
100 _aShah,Eddy
245 _aManchester Blue
260 _aLondon
260 _bCorgi books
260 _c1993
300 _a525p.18cm.
653 _aManchester Blue
942 _cBK
999 _c47458
_d47458